| 000 | 00000nas 2200000za 4500 |
| 001 | 9.506922 |
| 003 | CaOODSP |
| 005 | 20231123084320 |
| 007 | cr ||||||||||| |
| 008 | 150406d19982003oncar p o f0 a0eng|d |
| 022 | |a1495-3420 |
| 040 | |aCaOODSP|beng |
| 043 | |an-cn--- |
| 086 | 1 |aE74-88E-PDF |
| 110 | 1 |aCanada. |bForeign Affairs and International Trade Canada. |
| 210 | 0 |aOpen. doors world Can. int. mark. access prior. |b(Online) |
| 222 | 0|aOpening doors to the world, Canada's international market access priorities |b(Online) |
| 240 | 10|aOpening doors to the world, Canada's international market access priorities (Online) |
| 245 | 10|aOpening doors to the world, Canada's international market access priorities |h[electronic resource]. |
| 246 | 3 |aCanada's international market access priorities |
| 260 | |a[Ottawa] : |bDept. of Foreign Affairs and International Trade, |c[1998-2003] |
| 310 | |aAnnual |
| 362 | 0 |a1998-2003 |
| 500 | |aIssued also in French under title: Ouverture sur le monde, priorités du Canada en matière d'accès aux marchés internationaux. |
| 690 | 07|aInternational trade|2gcpds |
| 775 | 08|tOuverture sur le monde, priorités du Canada en matière d'accès aux marchés internationaux |w(CaOODSP)9.503317 |
| 785 | 00|tOpening doors to the world, Canada's international market access priorities |w(CaOODSP)9.506923 |